000 00261nam a2200097Ia 4500
001 1116527
005 20250827004048.0
008 250824s9999 xx 000 0 und d
245 0 _aKENDİNİ BULMAK G4 10
_cİHSAN FAZLIOĞLU
260 _bKETEBE YAYINLARI
999 _c1116527
_d1116527